Who are you? : the kid's guide to gender identity /

Saved in:
Bibliografiske detaljer
Format: Bog
Sprog:engelsk
Udgivet: London ; Philadelphia : Jessica Kingsley, 2017
Tags: Tilføj Tag
Ingen Tags, Vær først til at tagge denne postø!

MARC

LEADER 00000nam a22000007i 4500
001 IT\ICCU\UBO\4326542
003 ItRI
005 20260115232015.0
008 180621s2017 xxk|||||| ||||| |||||c
020 |a 9781785927287 
040 |b ita  |c importazione bologna sebina 
041 7 |a eng  |2 ISO-639-2 
245 0 0 |a Who are you? :  |b the kid's guide to gender identity /  |c Brook Pessin-Whedbee ; illustrated by Naomi Bardoff. 
260 |a London ;  |a  Philadelphia :  |b Jessica Kingsley,  |c 2017 
300 |a 29 p. :  |b in gran parte ill. ;  |c 25 cm 
942 |2 ddc  |c BK  |n 0 
952 |0 0  |1 0  |4 0  |6 R_649_650000000000000_PES  |7 0  |9 18799  |a BO  |b BO  |d 2026-01-15  |i 18793  |l 0  |o R 649.65 PES  |p BO18793  |r 2026-01-15 23:20:15  |w 2026-01-15  |x [Sebina 5] [1 v.]  |y BK  |z 1 v. 
999 |c 15961  |d 15961